<?xml version="1.0" encoding="UTF-8"?>
<record
    xmlns:xsi="http://www.w3.org/2001/XMLSchema-instance"
    xsi:schemaLocation="http://www.loc.gov/MARC21/slim http://www.loc.gov/standards/marcxml/schema/MARC21slim.xsd"
    xmlns="http://www.loc.gov/MARC21/slim">

  <leader>01892nam a22003617a 4500</leader>
  <controlfield tag="005">20171005020002.0</controlfield>
  <controlfield tag="008">140117b2014    ck |||||r||||o00| 0 spa d</controlfield>
  <datafield tag="020" ind1=" " ind2=" ">
    <subfield code="a">9789589351956</subfield>
  </datafield>
  <datafield tag="041" ind1="0" ind2=" ">
    <subfield code="a">spa</subfield>
  </datafield>
  <datafield tag="044" ind1=" " ind2=" ">
    <subfield code="a">ck</subfield>
  </datafield>
  <datafield tag="082" ind1="0" ind2="4">
    <subfield code="a">320.12</subfield>
    <subfield code="b">C76m3</subfield>
  </datafield>
  <datafield tag="245" ind1="0" ind2="0">
    <subfield code="a">Miner&#xED;a en Colombia : </subfield>
    <subfield code="b">da&#xF1;os ecol&#xF3;gicos y socio-econ&#xF3;micos y consideraciones sobre un modelo minero alternativo /</subfield>
    <subfield code="c">Luis Jorge Garay ..[et al.]</subfield>
  </datafield>
  <datafield tag="260" ind1=" " ind2=" ">
    <subfield code="a">Bogot&#xE1; :</subfield>
    <subfield code="b">Contralor&#xED;a General de la Rep&#xFA;blica, </subfield>
    <subfield code="c">2014.</subfield>
  </datafield>
  <datafield tag="300" ind1=" " ind2=" ">
    <subfield code="a">491 p.</subfield>
    <subfield code="b">il.,</subfield>
    <subfield code="c">25 cm.</subfield>
  </datafield>
  <datafield tag="504" ind1=" " ind2=" ">
    <subfield code="a">Incluye referencias bibliogr&#xE1;ficas e &#xED;ndice.</subfield>
  </datafield>
  <datafield tag="505" ind1=" " ind2=" ">
    <subfield code="a">Cap. 1  Una pol&#xED;tica integral minera desde la perspectiva de un sistema completo:  hacia un modelo alternativo</subfield>
  </datafield>
  <datafield tag="505" ind1=" " ind2=" ">
    <subfield code="a">Cap. 2  Aportes a la conceptualizaci&#xF3;n  del da&#xF1;o ambiental y del pasivo ambiental por  miner&#xED;a</subfield>
  </datafield>
  <datafield tag="505" ind1=" " ind2=" ">
    <subfield code="a">Cap. 3  Licencias ambientales : entre el deterioro grave y el da&#xF1;o ambiental.</subfield>
  </datafield>
  <datafield tag="505" ind1=" " ind2=" ">
    <subfield code="a">Cap. 4  Propiedad sobre el subsuelo y los recursos mineros :  aportes comparativos para analizar el caso colombiano</subfield>
  </datafield>
  <datafield tag="505" ind1=" " ind2=" ">
    <subfield code="a">Cap. 5  Revisitando el debate sobre la renta minera y government take: el carb&#xF3;n a gran escala en Colombia</subfield>
  </datafield>
  <datafield tag="505" ind1=" " ind2=" ">
    <subfield code="a">Cap. 6  La distribuci&#xF3;n regional de la actividad agr&#xED;cola, minera y no minera en Colombia 1975-2012</subfield>
  </datafield>
  <datafield tag="505" ind1=" " ind2=" ">
    <subfield code="a">Cap. 7  Normatividad penal y minera sin el cumplimiento de requisitos legales.</subfield>
  </datafield>
  <datafield tag="650" ind1="1" ind2="4">
    <subfield code="a">Geopol&#xED;tica</subfield>
    <subfield code="z">Colombia</subfield>
    <subfield code="9">27880</subfield>
  </datafield>
  <datafield tag="650" ind1="2" ind2="4">
    <subfield code="a">Territorio nacional</subfield>
    <subfield code="z">Colombia</subfield>
    <subfield code="9">27881</subfield>
  </datafield>
  <datafield tag="650" ind1="2" ind2="4">
    <subfield code="a">Pol&#xED;tica minera</subfield>
    <subfield code="z">Colombia</subfield>
    <subfield code="9">27882</subfield>
  </datafield>
  <datafield tag="650" ind1="2" ind2="4">
    <subfield code="a">Econom&#xED;a pol&#xED;tica</subfield>
    <subfield code="z">Colombia</subfield>
    <subfield code="9">27883</subfield>
  </datafield>
  <datafield tag="650" ind1="2" ind2="4">
    <subfield code="a">Derecho minero</subfield>
    <subfield code="x">Legislaci&#xF3;n</subfield>
    <subfield code="z">Colombia</subfield>
    <subfield code="9">27884</subfield>
  </datafield>
  <datafield tag="650" ind1="2" ind2="4">
    <subfield code="a">Impacto ambiental</subfield>
    <subfield code="z">Colombia</subfield>
    <subfield code="9">27885</subfield>
  </datafield>
  <datafield tag="700" ind1="1" ind2=" ">
    <subfield code="a">Garay-Salamanca, Luis Jorge</subfield>
    <subfield code="e">Dir. Proyecto</subfield>
    <subfield code="9">27886</subfield>
  </datafield>
  <datafield tag="700" ind1="1" ind2=" ">
    <subfield code="a">Pardo-Becerra, Luis Alvaro</subfield>
    <subfield code="e">ed.</subfield>
    <subfield code="9">26865</subfield>
  </datafield>
  <datafield tag="700" ind1="1" ind2=" ">
    <subfield code="a">L&#xF3;pez-Camacho, Ren&#xE9;</subfield>
    <subfield code="e">ed.</subfield>
    <subfield code="9">442</subfield>
  </datafield>
  <datafield tag="942" ind1=" " ind2=" ">
    <subfield code="2">ddc</subfield>
    <subfield code="c">LIBRO</subfield>
    <subfield code="0">4</subfield>
  </datafield>
  <datafield tag="999" ind1=" " ind2=" ">
    <subfield code="c">8686</subfield>
    <subfield code="d">8686</subfield>
  </datafield>
  <datafield tag="952" ind1=" " ind2=" ">
    <subfield code="0">0</subfield>
    <subfield code="1">0</subfield>
    <subfield code="2">ddc</subfield>
    <subfield code="4">0</subfield>
    <subfield code="7">0</subfield>
    <subfield code="8">GENERAL</subfield>
    <subfield code="I">INV2017</subfield>
    <subfield code="a">Bogota</subfield>
    <subfield code="b">Bogota</subfield>
    <subfield code="d">2014-09-12</subfield>
    <subfield code="e">Instituto</subfield>
    <subfield code="g">39000.00</subfield>
    <subfield code="l">3</subfield>
    <subfield code="o">LB-320.12 C76m3</subfield>
    <subfield code="p">038357</subfield>
    <subfield code="r">2017-10-04 00:00:00</subfield>
    <subfield code="s">2017-10-04</subfield>
    <subfield code="t">Ej. 1</subfield>
    <subfield code="w">2014-09-12</subfield>
    <subfield code="x">Donaci&#xF3;n</subfield>
    <subfield code="y">LIBRO</subfield>
  </datafield>
</record>
